Statistics for Airline at Orange County (SNA)

Click here to take the quiz!

General Stats

  • This quiz has been taken 15 times
  • The average score is 8 of 11

Answer Stats

HintAnswer% Correct
DFWAmerican
100%
DENFrontier
100%
LASSouthwest
100%
DENUnited
100%
SEAAlaska
88%
SLCDelta
88%
YVRAir Canada
75%
LASAllegiant
63%
YVRWestjet
50%
MCOBreeze
25%
LASJSX
25%

Score Distribution

Percentile by Number Answered

Percent of People with Each Score

Your Score History

You have not taken this quiz